000 005920000a22002050004500
003 LK-CoMWRAF
005 20230902115046.0
008 230817t2002 ||||| |||| 00| 0 eng d
020 _a8176492515
040 _aLK-CoMWRAF
_dLK-CoMWRAF
_eLK-CoMWRAF
041 _aeng
082 _a341.481
_bHUM
245 _aHuman Rights:
_bNew Perspectives,New Realities
260 _aNew Delhi:
_bViva,
_c2002
300 _avii, 259 p. ; 24 cm.
_bBibliography and index included
650 _aHUMAN RIGHTS-Case studies
700 _aPollis,, Adamantia
_eed.
700 _aSchwab, Peter,
_eed.
942 _cBK
999 _c766
_d766